| 000 | 00837nam a2200241 i 4500 | ||
|---|---|---|---|
| 001 | 51456 | ||
| 003 | ES-MaACL | ||
| 005 | 20250714101653.0 | ||
| 007 | t| | ||
| 008 | 030813s1960 sp ||||1| spa d | ||
| 100 | 1 |
_aChevalier, Jacques ( _d1882-1962) _938413 |
|
| 245 | 1 | 0 |
_aBergson y el Padre Pouget / _cJacques Chevalier ; nota preliminar y traducción del francés por José Antonio Míguez ; [prólogo de François Mauriac]. |
| 260 |
_aMadrid : _bAguilar, _c1960. |
||
| 300 |
_a87 p. ; _c21 cm. |
||
| 490 | 1 | _aColección literaria | |
| 600 | 1 | 4 |
_aBergson, Henri. _928013 |
| 600 | 1 | 4 |
_aPouget, Guillaume ( _d1847-1933) _9157379 |
| 700 | 1 |
_aMíguez, José Antonio. _981053 |
|
| 700 | 1 |
_aMauriac, François, _d1885-1970 _979251 |
|
| 830 | 1 |
_aColección literaria _9179831 |
|
| 852 |
_aES-MaACL _jC-17554 |
||
| 999 |
_c51456 _d51456 |
||